<?xml version="1.0" encoding="UTF-8"?>
<collection xmlns="http://www.loc.gov/MARC21/slim">
  <record>
    <leader>00000nam  2200000   4500</leader>
    <controlfield tag="001">INLIS000000000018850</controlfield>
    <controlfield tag="005">20241220113034</controlfield>
    <datafield tag="035" ind1="#" ind2="#">
      <subfield code="a">0010-1224000221</subfield>
    </datafield>
    <controlfield tag="007">ta</controlfield>
    <controlfield tag="008">241220################g##########0#ind##</controlfield>
    <datafield tag="020" ind1="#" ind2="#">
      <subfield code="a">979 9258 11 1</subfield>
    </datafield>
    <datafield tag="082" ind1="#" ind2="#">
      <subfield code="a">959.856</subfield>
    </datafield>
    <datafield tag="084" ind1="#" ind2="#">
      <subfield code="a">959.856 MAD t</subfield>
    </datafield>
    <datafield tag="100" ind1=" " ind2="#">
      <subfield code="a">Madjiah, Lela E.</subfield>
    </datafield>
    <datafield tag="245" ind1="1" ind2="#">
      <subfield code="a">Timor Timur :</subfield>
      <subfield code="b">Perginya si Anak Hilang /</subfield>
      <subfield code="c">Lela E. Madjiah</subfield>
    </datafield>
    <datafield tag="250" ind1="#" ind2="#">
      <subfield code="a">Cetakan ke 1</subfield>
    </datafield>
    <datafield tag="260" ind1="#" ind2="#">
      <subfield code="a">Jakarta :</subfield>
      <subfield code="b">Antara Pustaka Utama,</subfield>
      <subfield code="c">2002</subfield>
    </datafield>
    <datafield tag="300" ind1="#" ind2="#">
      <subfield code="a">xxiv, 230 halaman :</subfield>
      <subfield code="b">ilus ;</subfield>
      <subfield code="c">25 cm</subfield>
    </datafield>
    <datafield tag="520" ind1="#" ind2="#">
      <subfield code="a">Pertikaian senantiasa menyisakan dua hal: kemenangan dan kekalahan. Bagi Indonesia, lepasnya Timor Timur dari Negara Kesatuan Republik Indonesia merupakan kekalahan. Sebaliknya, kemerdekaan TImor Timur merupakan kemenangan bagi mereka yang dengan tak kenal lelah berjuang untuk memisahkan diri dari Indonesia.&#13;
&#13;
Apakah memang sesederhana itu persoalannya?</subfield>
    </datafield>
    <datafield tag="990" ind1="#" ind2="#">
      <subfield code="a">03057526</subfield>
    </datafield>
  </record>
</collection>
